| 000 | 01651nam a22003377a 4500 | ||
|---|---|---|---|
| 001 | 272 | ||
| 003 | OSt | ||
| 005 | 20250528074016.0 | ||
| 008 | 250313b |||||||e |||| 00| f eng d | ||
| 020 | _a 9788533207356 | ||
| 040 | _bpor | ||
| 041 |
_hrus _apor |
||
| 082 |
_a891.73 _bD724i |
||
| 100 |
_aDostoiévsk, Fiódor Mikhailovitch _d1821- 1881 |
||
| 240 | _aБратья Карамазовы | ||
| 245 |
_aOs irmãos Karamázovi / _cDostoiévsk, Fiódor Mikhailovitch ; Tradução de Natália Nunes e Oscar Mendes |
||
| 260 |
_aRio de Janeiro _bAbril _c1971 |
||
| 300 | _a534 p. | ||
| 490 | 1 | _aOs imortais da Literatura Universal | |
| 520 | _a"Os irmãos Karamázov" é o último romance de Dostoiévski. No fundo, ele resume toda a criatividade do escritor, trazendo à baila as "malditas" questões existenciais que o afligiram a vida inteira, com especial relevo para a flagrante degradação moral da humanidade afastada dos ideais cristãos. Cheia de peripécias, a narrativa põe em foco três protagonistas irmãos, representantes dos mais diversos aspectos da realidade russa — o libertino Dmítri, o niilista Ivan e o sublime Aliocha —, a fim de alumiar as profundezas insondáveis do coração entregue ao pecado, corrompido por dúvidas ou transbordante de amor. | ||
| 650 | 0 |
_aLiteratura Russa _9195 |
|
| 650 | 0 |
_aHistórico _953 |
|
| 650 | 0 |
_aClássicos _977 |
|
| 650 | 0 |
_aReligião _9100 |
|
| 655 | 0 |
_aRomance _923 |
|
| 655 | 0 |
_aFicção _922 |
|
| 700 |
_aNatália Nunes _eTradutora _9504 |
||
| 700 |
_aOscar Mendes _eTradutor _9187 |
||
| 830 |
_aOs Imortais da Literatura Universal _9461 _vvol. 01 |
||
| 942 |
_2ddc _n0 _cBK |
||
| 999 |
_c272 _d272 |
||